00389nam a2200145Ia 4500003000400000008004100004040001600045082001500061100001800076245004200094700002300136260004900159300001100208650002400219GCL140319s9999 xx 000 0 eng d aGCL / cGCL04a616.89bDA1 aNEALE, JOHN M10aABNORMAL PSYCHOLOGY / cNEALE, JOHN M1 aDAVISON, GERALD M. a[S.N] : bJOHN WILEY AND SONS. INC ، c1990 a646 PP04aABNORMAL PSYCHOLOGY